000
00258nam a2200097Ia 4500
001
792059
005
20250826170621.0
008
250824s9999 xx 000 0 und d
245
0
_a
TAVUK SUYUNA ÇORBA ASLA PES ETME
_c
JACK CANFIELD
260
_b
KORİDOR YAYINLARI
999
_c
792059
_d
792059